Physics

Сохранить в:
Библиографические подробности
Главный автор: Killen, Arthur H.
Формат:
Язык:Undetermined
Опубликовано: New York Oxford Book Company 1935
Предметы:
Метки: Добавить метку
Нет меток, Требуется 1-ая метка записи!
Thư viện lưu trữ: Trung tâm Học liệu Trường Đại học Cần Thơ
LEADER 00451nam a2200181Ia 4500
001 CTU_81547
008 210402s9999 xx 000 0 und d
082 |a 530 
082 |b K48 
100 |a Killen, Arthur H. 
245 0 |a Physics 
245 0 |c Arthur H. Killen 
260 |a New York 
260 |b Oxford Book Company 
260 |c 1935 
650 |a Physics 
904 |i Trọng Hải 
980 |a Trung tâm Học liệu Trường Đại học Cần Thơ